Marketing - przelom wieków paradygmaty, zastosowania
Saved in:
| Format: | Book |
|---|---|
| Language: | Polish |
| Published: |
Wroclaw
Wydawnictwo Akademii Ekonomicznej im. Oskara Langego we Wroclawiu
2000
|
| Series: | Kongres 2000
Prace naukowe nr. 852 |
| Subjects: | |
| Tags: |
No Tags, Be the first to tag this record!
|
MARC
| LEADER | 00000nam a2200000 4500 | ||
|---|---|---|---|
| 001 | c123800 | ||
| 005 | 20240223083239.8 | ||
| 022 | |a 0324-8445 | ||
| 041 | 0 | |a pol | |
| 044 | |a PL | ||
| 245 | 1 | 0 | |a Marketing - przelom wieków |b paradygmaty, zastosowania |c Redakcja naukowa: Krystyna Mazurek-Lopacinska, Aniela Stys |
| 264 | 1 | |a Wroclaw |b Wydawnictwo Akademii Ekonomicznej im. Oskara Langego we Wroclawiu |c 2000 | |
| 300 | |a 543 s. | ||
| 490 | 1 | |a Kongres 2000 |v Prace naukowe nr. 852 | |
| 830 | 0 | |a Kongres 2000 |v Prace naukowe nr. 852 | |
| 610 | 2 | 0 | |a marketing |
| 610 | 2 | 0 | |a distribúcia |
| 610 | 2 | 0 | |a klienti |
| 610 | 2 | 0 | |a rozhodovanie |
| 610 | 2 | 0 | |a komunikácia marketingová |
| 610 | 2 | 0 | |a ceny |
| 610 | 2 | 0 | |a siete počítačové |
| 610 | 2 | 0 | |a produkty |
| 610 | 2 | 0 | |a čas pracovný |
| 610 | 2 | 0 | |a spotrebitelia |
| 610 | 2 | 0 | |a integrácia ekonomická medzinárodná |
| 610 | 2 | 0 | |a výskum |
| 610 | 2 | 0 | |a paradigma |
| 610 | 2 | 0 | |a Poľsko |